Vainqueurs de la ZLAN - Statistiques

Statistiques générales
  • Ce quiz a été pris 95 fois
  • Le résultat moyen est 7 sur 11
Statistiques - réponses
Année Vainqueurs % Correct
KennyStream
84%
Etoiles
82%
2023 Lockness06
73%
Oslo
70%
2019 Wingobear
67%
2021 Khalen
66%
Nykho
64%
2022 Leaf
56%
2020 Skyyart
53%
Slide
34%
Shuh
26%
Aucun quiz correspondant
Distribution des résultats
% des personnes avec chaque résultat
Percentile par nombre de réponses
Votre historique - résultats
Vous n’avez pas pris ce quiz